| 000 | 00949nam a2200301 i 4500 | ||
|---|---|---|---|
| 003 | DO-SdBNP | ||
| 005 | 20250620091425.0 | ||
| 007 | ta | ||
| 008 | 250220s2010 dr a r 000 0 spa d | ||
| 020 | _a9789945460858 | ||
| 040 |
_aDO-SdBNP _bspa _cBNPHU _erda |
||
| 041 | _aspa | ||
| 082 | 4 |
_aRD863.5 _bU75o _222 |
|
| 100 | 1 |
_aUreña Rib, Fernando, _d1951- _eautor _4aut. _930237 |
|
| 245 | 1 | 0 |
_aOtra versión del paraíso / _cFernando Ureña Rib |
| 250 | _aPrimera edición | ||
| 264 | 1 |
_aSanto Domingo : _bEditora Santuario, _c2010. |
|
| 300 |
_a165 páginas : _bilustraciones, _c22 cm. |
||
| 336 |
_atexto _btxt _2rdacontent |
||
| 337 |
_asin mediación _bn _2rdamedia |
||
| 338 |
_avolumen _bnc _2rdacarrier |
||
| 500 | _aIncluye datos biografícos del autor en la solapa de la cubierta. | ||
| 590 | _aInventariado, 2025/ YL | ||
| 650 | 4 | _aCuentos dominicanos | |
| 650 | 4 | _aLiteratura dominicana | |
| 910 | _aYLockward | ||
| 942 |
_2ddc _cLBS1 |
||
| 999 |
_c58162 _d58162 |
||